Készlet nyilvántartás éttermi vendéglátásban

Bibliográfiai részletek
Szerző: Harkány Norbert
További közreműködők: Rádi György
Dokumentumtípus: Diplomadolgozat
Kulcsszavak:Készlet
Nyilvántartás
Vendéglátás
Online Access:http://dolgozattar.uni-bge.hu/17291

MARC

LEADER 00000nta a2200000 i 4500
001 dolg17291
005 20180517100610.0
008 180517suuuu hu om 000 hun d
040 |a BGE Dolgozattár Repozitórium  |b hun 
041 |a hu 
100 1 |a Harkány Norbert 
245 1 0 |a Készlet nyilvántartás éttermi vendéglátásban  |c Harkány Norbert  |h [elektronikus dokumentum] 
695 |a Készlet 
695 |a Nyilvántartás 
695 |a Vendéglátás 
700 1 |a Rádi György  |e ths 
856 4 0 |u http://dolgozattar.uni-bge.hu/17291/7/Szakdolgozatnyilatkozattal.pdf  |z Dokumentum-elérés